Cases in operation management (Record no. 1251425)

MARC details
000 -LEADER
fixed length control field 00492nam a2200181Ia 4500
005 - DATE AND TIME OF LATEST TRANSACTION
control field 20250317123457.0
008 - FIXED-LENGTH DATA ELEMENTS--GENERAL INFORMATION
fixed length control field 008 250317s9999 xx 000 0 eng d
040 ## - CATALOGING SOURCE
Original cataloging agency FMSL
Language of cataloging eng
Transcribing agency FMSL
041 ## - LANGUAGE CODE
Language code of text/sound track or separate title eng
Source of code eng
084 ## - COLON CLASSIFICATION NUMBER
Classification number X:89A K9
Assigning agency FMSL
100 ## - MAIN ENTRY--PERSONAL NAME
Personal name Mckenney J C
9 (RLIN) 740398
245 #0 - TITLE STATEMENT
Title Cases in operation management
260 ## - PUBLICATION, DISTRIBUTION, ETC.
Place of publication, distribution, etc. NY
Name of publisher, distributor, etc. NY, John Wiley
Date of publication, distribution, etc. 1969
300 ## - PHYSICAL DESCRIPTION
Extent 311p
942 ## - ADDED ENTRY ELEMENTS (KOHA)
Koha item type Textbook
Classification part X:89A K9

No items available.

Copyright @ Delhi University Library System